000 01827cam a2200373 i 4500
003 SA-RiAUC
005 20251102135242.0
008 251101s1963 su f l f000r0 ara c
020 _a4319135
040 _aSA-RiKSU
_bara
_cSA-RiAUC
_erda
043 _aa-su---
082 0 4 _a344.53107684
_qSA-RiAUC
090 _a344.53107684
_bس ع و
110 1 _aالسعودية
_eمؤلف.
240 1 0 _aنظام كلية البترول والمعادن (1383 هـ.)
245 1 0 _aنظام كلية البترول والمعادن /
_cوزارة البترول والثروة المعدنية.
250 _aالطبعة الأولى.
264 1 _a[مكة المكرمة] :
_bمطبعة الحكومة،
_c[1963]
300 _a11 صفحة ؛
_c24 × 17 سم
336 _aنص
_btxt
_2rdacontent
_3كتاب
337 _aبدون وسيط
_bn
_2rdamedia
338 _aمجلد
_bnc
_2rdacarrier
500 _aس ع/م ل/3/ن6ك8.
500 _aصدر بقرار مجلس الوزراء رقم 397 وتاريخ 5 / 5 / 1383 هـ. وتوج بالمرسوم الملكي رقم 11 وتاريخ 11 / 5 / 1383 هـ.
610 2 7 _aكلية البترول والمعادن
_vقوانين داخلية
_2aucnm
610 2 7 _aكلية البترول والمعادن
_xمطبوعات حكومية
_2aucnm
650 7 _aالجامعات والكليات
_zالسعودية
_zالظهران
_vلوائح
_2aucsh
650 7 _aالجامعات والكليات
_zالسعودية
_zالظهران
_xمطبوعات حكومية
_2aucsh
650 7 _aالمطبوعات الحكومية
_2aucsh
651 7 _aالسعودية
_xمطبوعات حكومية
_2aucsh
710 1 _aالسعودية.
_bوزارة البترول والثروة المعدنية
_eمؤلف.
942 _2ddc
_cBOOK
_n0
949 _aSA-JeALM
_d251101
_umohamedma123
_n1
999 _c12942
_d12942